| 000 | 01075nam a2200301 a 4500 | ||
|---|---|---|---|
| 003 | MX-MxUPN | ||
| 005 | 20241101063723.0 | ||
| 008 | 991125s1985 mx gr 000 p spa d | ||
| 020 | _a968290837X | ||
| 035 | _aUPN01000045282 | ||
| 040 |
_aMX-MxUPN _bspa _cMX-MxUPN |
||
| 041 | _aspa | ||
| 050 | 4 |
_aPQ7104 _bL57 no.4-5 |
|
| 245 | 0 | 0 |
_aPoesía en movimiento : _bMéxico : 1915-1966 |
| 250 | _aPrimera edición | ||
| 260 |
_aMéxico, D.F. : _bSecretaría de Educación Pública, Subsecretaría de Cultura : _bSiglo XXI Editores, _c1985. |
||
| 300 | _a2 volúmenes | ||
| 490 |
_aLecturas mexicanas. Serie mexicanas ; _v4-5 |
||
| 504 | _aIncluye índice. | ||
| 650 | 2 |
_aPoesía mexicana _ySiglo XX _vColecciones _91286 |
|
| 700 | 1 |
_aPaz, Octavio, _d1914-1998 _eselección _enotas |
|
| 700 | 1 |
_aChumacero, Alí, _d1918-2010 _eselección _enotas _913445 |
|
| 700 | 1 |
_aAridjis, Homero, _d1940- _eselección _enotas _928750 |
|
| 700 | 1 |
_aPacheco, José Emilio, _d1939-2014 _eselección _enotas _928583 |
|
| 902 | _bMaríaRobles/311024 | ||
| 905 | _aLibro | ||
| 942 |
_2lcc _cLIBRO _n0 |
||
| 999 |
_c45282 _d45282 |
||